| 000 | 00000nam 2200000zi 4500 |
| 001 | 9.940806 |
| 003 | CaOODSP |
| 005 | 20240719163115 |
| 006 | m o d f |
| 007 | cr |n||||||||| |
| 008 | 240719s2018 oncab ob f100 0 fre d |
| 040 | |aCaOODSP|bfre|erda|cCaOODSP |
| 043 | |an-cn--- |
| 086 | 1 |aR104-18/2018F-PDF |
| 110 | 2 |aStratos Inc.|eauteur. |
| 245 | 10|aConférence sur le logement dans le Nord de 2018 : |brapport sommaire de la conférence / |cprésenté à : Jennifer Sokol, Savoir polaire Canada ; préparé par : Stratos inc. |
| 246 | 37|aConférence sur le logement dans le Nord : |brapport sommaire de la réunion |
| 264 | 1|a[Ottawa] : |bSavoir polaire Canada, |c[2018] |
| 300 | |a1 ressource en ligne (32 pages) : |billustrations en couleur ; cartes en couleur |
| 336 | |atexte|btxt|2rdacontent/fre |
| 337 | |ainformatique|bc|2rdamedia/fre |
| 338 | |aressource en ligne|bcr|2rdacarrier/fre |
| 500 | |a« Date de présentation : 23 août 2018 »--page couverture. |
| 500 | |aTitre de la couverture. |
| 500 | |aPublié aussi en anglais sous le titre : Northern Housing Forum 2018 : forum summary report. |
| 504 | |aComprend des références bibliographiques. |
| 650 | 6|aLogement|zCanada (Nord)|vCongrès. |
| 710 | 2 |aSavoir polaire Canada, |eorganisme de publication. |
| 711 | 2 |aConférence sur le logement dans le Nord |d(mai 2018 : |cYellowknife, Territoires du Nord-Ouest) |
| 775 | 08|tNorthern Housing Forum 2018 : |w(CaOODSP)9.940800 |
| 856 | 40|qPDF|s3.97 Mo|uhttps://publications.gc.ca/collections/collection_2024/polaire-polar/R104-18-2018-fra.pdf |